| 000 | 01953cam a22002537a 4500 | ||
|---|---|---|---|
| 001 | 13038618 | ||
| 003 | OSt | ||
| 005 | 20210212144101.0 | ||
| 008 | 021213s2001 ag b 001 0 spa | ||
| 010 | _a 2003441799 | ||
| 020 | _a9505274629 | ||
| 035 | _a(AgBaFGC)gc 961018340000 | ||
| 040 |
_aDLC _cCO-JMCR |
||
| 082 | 0 | 4 |
_a343.055 / _bF339i _223 |
| 100 | 1 |
_aFenochietto, Ricardo. _eautor _913397 |
|
| 245 | 1 | 0 |
_aImpuesto al valor agregado : _banálisis económico, técnico y jurídico / _cRicardo Fenochietto. |
| 260 |
_aBuenos Aires : _bLa Ley, _cc2001. |
||
| 300 |
_alxviii, 923 páginas ; _c26 cm. |
||
| 504 | _abibliografía : páginas 917-923. | ||
| 505 | 0 | _aLos impuestos, el derecho y la economía -- El impuesto al valor agregado -- Legislación comparada -- Ámbito objetivo del hecho imposible -- Ámbito subjetivo del hecho improbable -- Ámbito temporal del hecho imponible -- Las extensiones -- Servicios relacionados con la salud humana -- La base imponible -- El débito fiscal -- El crédito fiscal -- Mercados de cereales a termino -- Comisionistas, consignatarios e intermediarios -- Servicios de turismo -- Concesiones de explotación -- Regímenes de retención, percepción y pagos a cuenta -- Saldo a favor -- Período fiscal de liquidación -- Tasa -- Régimen simplificado para pequeños contribuyentes -- Responsables no inscriptos -- Responsables inscriptos -- Tratamiento de bienes importados y de las misiones diplomáticas -- Editoriales, publicidad y servicios de radiodifusión -- Actualización, precios concertados, aplicaciones y destino de la recaudación -- La actividad aseguradora -- Regímenes de promoción de actividades económicas -- La actividad agropecuaria -- Operaciones financieras -- Las exploraciones -- Régimen de concurso y quiebras | |
| 650 | 2 | 4 |
_aImpuesto al valor agregado _zArgentina. _913398 |
| 650 | 2 | 4 |
_aImpuesto sobre el valor añadido _xLey y legislación _913399 |
| 942 |
_2ddc _cBK |
||
| 999 |
_c7175 _d7175 |
||